The opttimal tradeoff between the probability and the magnitude of fines (Registro nro. 27969)
[ vista simple ]
| 000 -LEADER | |
|---|---|
| fixed length control field | 00403 a2200121 4500 |
| 001 - CONTROL NUMBER | |
| control field | ART_17726 |
| 005 - DATE AND TIME OF LATEST TRANSACTION | |
| control field | 20260410161924.0 |
| 008 - FIXED-LENGTH DATA ELEMENTS--GENERAL INFORMATION | |
| fixed length control field | 260409a |
| 100 1# - MAIN ENTRY--PERSONAL NAME | |
| Personal name | Polinsky, A. Mitchell |
| 245 10 - TITLE STATEMENT | |
| Title | The opttimal tradeoff between the probability and the magnitude of fines |
| 700 1# - ADDED ENTRY--PERSONAL NAME | |
| Personal name | Shavell, Steven |
| 773 0# - HOST ITEM ENTRY | |
| Title | The American Economic Review |
| Related parts | - Vol. 69, Nº 5 (dic. 1979) |
| Record control number | REV16190 |
No hay ítems disponibles.